00500nam a2200205Ia 4500008004100000020001800041050001400059100001800073245002200091245004700113260001500160260001600175260000900191300001500200300002700215300001000242440002700252440000700279500000800286170918s9999 xx 000 0 und d a9780439314312 bC237 2001 aCapecci, Anne aInsect invaders / cAnne Capecci ; illustrated by John Speirs. aNew York : bScholastic, c2001 a87 pages : bcolored illustration ; c19cm. aThe magic school bus ; v11 a610